[Event "Collado Villalba op 38th"]
[Site "Collado Villalba"]
[Date "2021.08.27"]
[Round "7"]
[White "Gomez Alonso, Nicolas David"]
[Black "Xia, Yan"]
[Result "0-1"]
[WhiteElo "1005"]
[BlackElo "1153"]
[PlyCount "38"]
[EventDate "2021.08.21"]
[EventType "swiss"]
[EventRounds "9"]
[EventCountry "ESP"]
[SourceTitle "CBM 204 Extra"]
[Source "ChessBase"]
[SourceDate "2021.11.30"]
[SourceVersion "1"]
[SourceVersionDate "2021.11.30"]
[SourceQuality "1"]

1. e4 e5 2. Nf3 Nc6 3. Bc4 Nf6 4. d3 Bc5 5. c3 Bb6 6. Bb3 0-0 7. Nbd2 d5 8. Qe2 Be6 9. Bc2 Ng4 10. 0-0 Qd7 11. Nh4 f5 12. h3 Nh6 13. Re1 fxe4 14. dxe4 Bxh3 15. gxh3 Qxh3 16. Ng2 Qg3 17. Rf1 Ng4 18. Nf3 Rxf3 19. Qxf3 Qh2# 0-1

[Event "Collado Villalba op 38th"]
[Site "Collado Villalba"]
[Date "2021.08.21"]
[Round "1"]
[White "Rodriguez del Moral, Angel"]
[Black "Gomez Alonso, Nicolas David"]
[Result "1-0"]
[WhiteElo "1719"]
[BlackElo "1005"]
[PlyCount "65"]
[EventDate "2021.08.21"]
[EventType "swiss"]
[EventRounds "9"]
[EventCountry "ESP"]
[SourceTitle "CBM 204 Extra"]
[Source "ChessBase"]
[SourceDate "2021.11.30"]
[SourceVersion "1"]
[SourceVersionDate "2021.11.30"]
[SourceQuality "1"]

1. d4 d5 2. Nf3 Nf6 3. Bf4 Bf5 4. e3 e6 5. Nbd2 Bb4 6. c3 Bd6 7. Ne5 0-0 8. h3 Nbd7 9. Ndf3 Nh5 10. Bh2 Nxe5 11. dxe5 Bc5 12. g4 Ng3 13. Bxg3 Be4 14. Bd3 Bxf3 15. Qxf3 c6 16. 0-0 Qb6 17. b4 Be7 18. Qe2 c5 19. bxc5 Bxc5 20. Rab1 Qc6 21. Bb5 Qc8 22. a4 Ba3 23. Qd3 f5 24. exf6 Rxf6 25. c4 Be7 26. cxd5 exd5 27. Qxd5+ Rf7 28. Rbc1 h6 29. Rxc8+ Rxc8 30. Bc4 Rc7 31. Bxc7 Kh7 32. Qxf7 Kh8 33. Qg8# 1-0

[Event "ESP-ch U10"]
[Site "Salobrena"]
[Date "2021.06.28"]
[Round "1"]
[White "Delgadillo Vidal, Philippe Arnau"]
[Black "Gomez Alonso, Nicolas David"]
[Result "1-0"]
[WhiteElo "1209"]
[BlackElo "1005"]
[PlyCount "33"]
[EventDate "2021.06.28"]
[EventType "swiss"]
[EventRounds "9"]
[EventCountry "ESP"]
[SourceTitle "EXT 2022"]
[Source "ChessBase"]
[SourceDate "2021.10.06"]
[SourceVersion "1"]
[SourceVersionDate "2021.10.06"]
[SourceQuality "1"]

1. d4 c6 2. Nf3 d5 3. Bf4 g6 4. e3 Nf6 5. Nbd2 Bg7 6. h3 0-0 7. Be2 Nbd7 8. c3 Qc7 9. Bxc7 Ne4 10. Nxe4 dxe4 11. Ng5 f5 12. Qb3+ Kh8 13. Nf7+ Rxf7 14. Qxf7 e5 15. Qe8+ Nf8 16. Bxe5 Bxe5 17. Qxf8# 1-0